| 000 | 00924nam a2200253 a 4500 | ||
|---|---|---|---|
| 001 | 000015823 | ||
| 003 | DO-SdBNP | ||
| 005 | 20250616135328.0 | ||
| 008 | 100219s1986 dr 000 0 spa d | ||
| 040 |
_aDO-SdBNP _bspa _cBNPHU |
||
| 082 | 4 |
_a338.97293 _bB213r _222 |
|
| 110 | 2 |
_aBanco Central de la República Dominicana _983405 |
|
| 245 | 1 | 0 |
_aReforma monetaria 23 de enero, 1985 / _cprólogo Hugo Guilliani Cury. |
| 250 | _a2a. ed. | ||
| 260 |
_aSanto Domingo : _bBanco Central de la Republica Dominicana, _c1986. |
||
| 300 |
_a212 p. ; _c29 cm. |
||
| 500 | _aIncluye referencias bibliográficas y notas al pie de las páginas | ||
| 590 | _aInventariado, 2021/MFF | ||
| 650 | 4 |
_aReforma económica _zRepública Dominicana _979134 |
|
| 651 | 4 |
_aRepública Dominicana _xPolítica económica _9643 |
|
| 700 | 1 |
_aGuilliani Cury, Hugo, _epról. _935621 |
|
| 910 | _aValidado. Control de calidad MFF | ||
| 942 |
_2ddc _cLBS1 |
||
| 999 |
_c15367 _d15367 |
||